000 01129nam a2200325 a 4500
001 60060
003 BD-RjUL
005 20211209080811.0
008 161228s2003 mauab b 001 0 eng
020 _a0763715867 (alk. paper)
035 _a(BD-RjUL)60184
040 _aDLC
_cDLC
_dBD-RjUL
_beng
041 _aeng
082 0 0 _a363.8
_223
_bCHP 2003
100 1 _aChrispeels, Maarten J.,
_d1938-
_9176683
245 1 0 _aPlants, genes, and crop biotechnology /
_cMaarten J. Chrispeels & David E. Sadava.
250 _a2nd ed.
260 _aBoston :
_bJones and Bartlett Publisher,
_cc2003.
300 _axxiv, 562 p. :
_bcol. ill., col. maps ;
_c29 cm.
500 _aRev. ed. of: Plants, genes, and agriculture. 1994.
504 _aIncludes bibliographical references and index.
650 0 _aFood supply.
_9175589
650 0 _aPlant breeding.
_9178751
650 0 _aPlant biotechnology.
_9178752
650 0 _aCrop improvement.
_9178753
650 0 _aFood supply.
_9175589
700 1 _aSadava, David E.
_9176686
700 1 _aChrispeels, Maarten J.,
_d1938-
_tPlants, genes, and agriculture.
_9178754
942 _2ddc
_cBK
999 _c60060
_d60060